Monroe County Municipalties - Statistics

General Stats
  • This quiz has been taken 3 times
  • The average score is 14 of 20
Answer Stats
Municipality Population % Correct
Brighton 37,137
100%
Gates 29,167
100%
Greece 96,926
100%
Henrietta 47,096
100%
Irondequoit 51,043
100%
Penfield 39,438
100%
Pittsford 30,617
100%
Rochester 211,328
100%
Webster 45,327
100%
Chili 29,123
67%
Hamlin 8,725
67%
Mendon 9,095
67%
Perinton 47,479
67%
Riga 5,586
67%
Wheatland 4,897
67%
Clarkson 6,904
33%
Parma 16,217
33%
Sweden 13,244
33%
Ogden 20,270
0%
Rush 3,490
0%
No matching quizzes found
Score Distribution
Percent of People with Each Score
Percentile by Number Answered
Your Score History
You have not taken this quiz